| 000 | 00673nam a2200217 i 4500 | ||
|---|---|---|---|
| 001 | 169340 | ||
| 003 | ES-MaACL | ||
| 005 | 20250911062846.0 | ||
| 008 | 080901s2007 sp |||| | spa d | ||
| 017 | _aM-48.448-2007 | ||
| 020 | _a978-84-7522-214-1 | ||
| 080 | _a821.134.2(85)-14"19" | ||
| 100 | 1 |
_aHinostroza, Rodolfo. _963780 |
|
| 245 | 1 | 0 |
_aPoesía completa / _cRodolfo Hinostroza ; edición de Fernando de Diego. |
| 300 |
_a263 p. ; _c20 cm. |
||
| 490 | 1 |
_aColección Visor de poesía ; _v658 |
|
| 700 | 1 |
_aDiego, Fernando de. _9138423 |
|
| 830 | 0 |
_aColección Visor de poesía _v658 _9177331 |
|
| 852 | 4 |
_aES-MaACL _jL-29681 _9R.143499 |
|
| 999 |
_c169340 _d169340 |
||